<?xml version="1.0" encoding="UTF-8"?>
<record
    xmlns:xsi="http://www.w3.org/2001/XMLSchema-instance"
    xsi:schemaLocation="http://www.loc.gov/MARC21/slim http://www.loc.gov/standards/marcxml/schema/MARC21slim.xsd"
    xmlns="http://www.loc.gov/MARC21/slim">

  <leader>00564nam a22001817a 4500</leader>
  <datafield tag="999" ind1=" " ind2=" ">
    <subfield code="c">180026</subfield>
    <subfield code="d">180026</subfield>
  </datafield>
  <controlfield tag="005">20210722102303.0</controlfield>
  <datafield tag="010" ind1=" " ind2=" ">
    <subfield code="a">ENG-129606</subfield>
  </datafield>
  <datafield tag="020" ind1=" " ind2=" ">
    <subfield code="a">978-81-927999-1-9</subfield>
    <subfield code="c">1450.00</subfield>
  </datafield>
  <datafield tag="035" ind1=" " ind2=" ">
    <subfield code="a">EN-113138</subfield>
  </datafield>
  <datafield tag="037" ind1=" " ind2=" ">
    <subfield code="b">DBAD/PUB</subfield>
  </datafield>
  <datafield tag="082" ind1=" " ind2=" ">
    <subfield code="a">599.9</subfield>
  </datafield>
  <datafield tag="100" ind1=" " ind2=" ">
    <subfield code="a">Reddy, V Rami</subfield>
  </datafield>
  <datafield tag="245" ind1=" " ind2=" ">
    <subfield code="a">Current Trends in Human Genetics and Physical Anthropology/</subfield>
    <subfield code="c">by V. Rami Reddy</subfield>
  </datafield>
  <datafield tag="260" ind1=" " ind2=" ">
    <subfield code="a">Tirupati</subfield>
    <subfield code="b">V.Indira </subfield>
    <subfield code="c">2018</subfield>
  </datafield>
  <datafield tag="270" ind1=" " ind2=" ">
    <subfield code="a">8-30,Vidyanagar,</subfield>
    <subfield code="b">Svunt colony, Tirupati</subfield>
    <subfield code="e">517502</subfield>
  </datafield>
  <datafield tag="300" ind1=" " ind2=" ">
    <subfield code="a">307p.</subfield>
    <subfield code="c">26cm(pbk)</subfield>
    <subfield code="b">Bibliography</subfield>
  </datafield>
  <datafield tag="942" ind1=" " ind2=" ">
    <subfield code="2">ddc</subfield>
    <subfield code="c">EN</subfield>
    <subfield code="h">599.9</subfield>
    <subfield code="m">RED</subfield>
  </datafield>
  <datafield tag="952" ind1=" " ind2=" ">
    <subfield code="0">0</subfield>
    <subfield code="1">0</subfield>
    <subfield code="4">0</subfield>
    <subfield code="7">0</subfield>
    <subfield code="8">NFIC</subfield>
    <subfield code="a">L</subfield>
    <subfield code="b">L</subfield>
    <subfield code="d">2021-07-22</subfield>
    <subfield code="e">DBAD/PUB</subfield>
    <subfield code="g">1450.00</subfield>
    <subfield code="l">1</subfield>
    <subfield code="o">599.9 RED</subfield>
    <subfield code="p">EN-113138</subfield>
    <subfield code="r">2025-02-11 00:00:00</subfield>
    <subfield code="s">2025-01-29</subfield>
    <subfield code="t">1</subfield>
    <subfield code="v">1450.00</subfield>
    <subfield code="y">EN</subfield>
  </datafield>
</record>
